| 000 | 00784nam a2200253Ia 4500 | ||
|---|---|---|---|
| 003 | OSt | ||
| 005 | 20221006142926.0 | ||
| 006 | a|||||r|||| 00| 0 | ||
| 007 | ta | ||
| 008 | 221006b |||||||| |||| 00| 0 eng d | ||
| 020 |
_a0870116320 _c _50.00 |
||
| 024 | _a7,556 | ||
| 037 |
_bGift, Japan Foundation _cTextual |
||
| 040 |
_aEASL _cEASL _beng |
||
| 041 |
_2eng _aeng |
||
| 082 | _aV42:57.N83, M4 | ||
| 100 |
_aBEER Lawrence Ward _9108316 |
||
| 245 | 0 |
_aFredom of expression in Japan _b A study in comparative law, politics and society |
|
| 260 |
_aTokyo _bKodansha International Ltd. Japan _c1984 |
||
| 300 |
_a415p.. _ccm. |
||
| 490 | _v JEL | ||
| 942 |
_hV42:57.N83, M4 _cTEXL _2CC |
||
| 999 |
_c1075642 _d1075642 |
||